000 01983nam0a2200421 4500
001 RU\NLR\BIBL_A\011101216
005 20251214192727.0
021 _aRU
_b2016-23930
_91519
035 _a(NLR Aleph) 011101216
035 _a(NILC)RuMoRGB-008258879
090 _a13492342
_c13492342
100 _a20160413d2015 k y0rusy50 ca
101 0 _arus
_deng
102 _aRU
105 _aa|||z||||||y|
200 1 _aПрограмма статистического моделирования испускания легких частиц из возбужденных ядер EVAP15
_fА. В. Санников, Е. Н. Савицкая
210 _aПротвино
_cКурчатовский институт
_d2015
215 _a21 с.
_cил., табл.
_d21
225 1 _aПрепринт
_fНац. исслед. центр "Курчат. ин-т", Ин-т физики высоких энергий
_vИФВЭ 2015-15
300 _aРез. на англ. яз.
320 _aБиблиогр.: с. 25-26
606 1 _aEVAP15, пакет прикладных программ
_92446055
_3RU\NLR\AUTH\6601672451
606 1 _aАтомное ядро возбужденное
_xРаспад
_91048233
_3RU\NLR\AUTH\6686708
606 1 _aЯдерные реакции
_xКаскадно-испарительная модель
_92204505
_3RU\NLR\AUTH\661324549
606 1 _aНейтроны
_xВзаимодействие с атомными ядрами
_91128125
_3RU\NLR\AUTH\66128318
610 0 _aиспускание легких частиц из возбужденных ядер
675 _a539.1
686 1 _aВ382.3с21
686 1 _aВ383.519
700 1 _aСанников
_bА. В.
_gАлександр Венедиктович
701 1 _aСавицкая
_bЕ. Н.
801 0 _aRU
_bРГБ
_c20160328
_gRCR
801 2 _aRU
_bРГБ
_c20160401
_grcr
942 _cBOOK
980 _aNBR
980 _aNB